000 00421nam a2200157Ia 4500
008 140609s9999 xx 000 0 und d
020 _a9783822830604
050 _aN 6512.5.M5
_b.M562 2004
100 _aMarzona, Daniel.
245 _aMinimal art /
_cDaniel Marzona,
260 _aLos Angeles :
_b Taschen,
_cc2004.
300 _a94 p. :
_bcol. Ill. ;
_c23 cm.
521 _aGE
942 _kFOR
_cBK
999 _c118125
_d118125